Asian Countries - Tile Select - Statistics

General Stats
  • This quiz has been taken 49 times
  • The average score is 82 of 112
Answer Stats
Question Tile Select % Correct
that have territory in the Himalayas. Indonesia No
100%
that have territory in the Himalayas. Japan No
100%
that have territory in the Himalayas. Saudi Arabia No
100%
that have territory in the Himalayas. Singapore No
98%
that have territory in the Himalayas. Thailand No
98%
that have territory in the Himalayas. Nepal Yes
95%
that speak English or Chinese as an official language. Armenia No
93%
that speak English or Chinese as an official language. Azerbaijan No
93%
that have territory in the Himalayas. China Yes
93%
that have populations below five million. China No
93%
that have territory in the Himalayas. India Yes
93%
that have populations below five million. Indonesia No
93%
that have populations below five million. Iran No
93%
that speak English or Chinese as an official language. Iraq No
93%
that speak English or Chinese as an official language. Japan No
93%
that speak English or Chinese as an official language. South Korea No
93%
that have populations below five million. East Timor Yes
90%
that have populations below five million. Kazakhstan No
90%
that speak English or Chinese as an official language. Kyrgyzstan No
90%
that speak English or Chinese as an official language. Turkey No
90%
that have territory in the Himalayas. Turkmenistan No
90%
that have territory in the Himalayas. Kazakhstan No
88%
that have populations below five million. Maldives Yes
88%
that have an official language no other Asian country does. (Countries like Pakistan doesn't count because it has more than one) Singapore No
88%
that have an official language no other Asian country does. (Countries like Pakistan doesn't count because it has more than one) Bahrain No
86%
that have territory in the Himalayas. Bangladesh No
86%
that have territory in the Himalayas. Bhutan Yes
86%
that are in the top fifty biggest countries (world) by area. Laos No
86%
that have populations below five million. North Korea No
86%
that are in the top fifty biggest countries (world) by area. North Korea No
86%
that have an official language no other Asian country does. (Countries like Pakistan doesn't count because it has more than one) Oman No
86%
that have an official language no other Asian country does. (Countries like Pakistan doesn't count because it has more than one) Qatar No
86%
that speak English or Chinese as an official language. Thailand No
86%
that were completely under the British Empire's rule in 1921. Turkmenistan No
86%
that have capitals that start with either A or B. Armenia No
83%
that have capitals that start with either A or B. Cyprus No
83%
that speak English or Chinese as an official language. East Timor No
83%
that have capitals that start with either A or B. Indonesia No
83%
that have an official language no other Asian country does. (Countries like Pakistan doesn't count because it has more than one) Iraq No
83%
that have capitals that start with either A or B. Israel No
83%
that were completely under the British Empire's rule in 1921. Japan No
83%
that were completely under the British Empire's rule in 1921. Kazakhstan No
83%
that have capitals that start with either A or B. Sri Lanka No
83%
that have capitals that start with either A or B. Afghanistan No
81%
that have populations below five million. Brunei Yes
81%
that are in the top fifty biggest countries (world) by area. Cambodia No
81%
that speak English or Chinese as an official language. China Yes
81%
that are in the top fifty biggest countries (world) by area. China Yes
81%
that have capitals that start with either A or B. East Timor No
81%
that have capitals that start with either A or B. Georgia No
81%
that were completely under the British Empire's rule in 1921. Iran No
81%
that are in the top fifty biggest countries (world) by area. Kazakhstan Yes
81%
that are in the top fifty biggest countries (world) by area. Oman No
81%
that speak English or Chinese as an official language. Singapore Yes
81%
that were completely under the British Empire's rule in 1921. South Korea No
81%
that have an official language no other Asian country does. (Countries like Pakistan doesn't count because it has more than one) Taiwan No
81%
that have populations below five million. Bahrain Yes
79%
that have populations below five million. Bhutan Yes
79%
that have an official language no other Asian country does. (Countries like Pakistan doesn't count because it has more than one) Japan Yes
79%
that have territory in the Himalayas. Myanmar No
79%
that have territory in the Himalayas. Pakistan Yes
79%
that have an official language no other Asian country does. (Countries like Pakistan doesn't count because it has more than one) South Korea No
79%
that have capitals that start with either A or B. Syria No
79%
that have capitals that start with either A or B. Yemen No
79%
that speak English or Chinese as an official language. Taiwan Yes
76%
that have territory in the Himalayas. Tajikistan No
76%
that have populations below five million. Turkmenistan No
76%
that are in the top fifty biggest countries (world) by area. Vietnam No
76%
that have an official language no other Asian country does. (Countries like Pakistan doesn't count because it has more than one) Mongolia Yes
74%
that are in the top fifty biggest countries (world) by area. Pakistan Yes
74%
that have populations below five million. Armenia Yes
71%
that have capitals that start with either A or B. Bahrain No
71%
that speak English or Chinese as an official language. India Yes
71%
that are in the top fifty biggest countries (world) by area. Japan No
71%
that are in the top fifty biggest countries (world) by area. Malaysia No
71%
that have capitals that start with either A or B. Turkey Yes
71%
that speak English or Chinese as an official language. United Arab Emirates No
71%
that are in the top fifty biggest countries (world) by area. Iran Yes
69%
that were completely under the British Empire's rule in 1921. Singapore Yes
69%
that are in the top fifty biggest countries (world) by area. Turkey Yes
69%
that have capitals that start with either A or B. United Arab Emirates Yes
69%
that were completely under the British Empire's rule in 1921. Bangladesh Yes
67%
that were completely under the British Empire's rule in 1921. Bhutan No
64%
that have an official language no other Asian country does. (Countries like Pakistan doesn't count because it has more than one) India No
64%
that have populations below five million. Lebanon No
64%
that have populations below five million. Nepal No
64%
that have capitals that start with either A or B. Tajikistan No
64%
that were completely under the British Empire's rule in 1921. Afghanistan No
62%
that were completely under the British Empire's rule in 1921. Yemen No
60%
that were completely under the British Empire's rule in 1921. Nepal No
57%
that have an official language no other Asian country does. (Countries like Pakistan doesn't count because it has more than one) Azerbaijan Yes
55%
that have populations below five million. Georgia Yes
55%
that have an official language no other Asian country does. (Countries like Pakistan doesn't count because it has more than one) Georgia Yes
55%
that have an official language no other Asian country does. (Countries like Pakistan doesn't count because it has more than one) Afghanistan No
52%
that have capitals that start with either A or B. Brunei Yes
52%
that have an official language no other Asian country does. (Countries like Pakistan doesn't count because it has more than one) Kyrgyzstan No
50%
that have an official language no other Asian country does. (Countries like Pakistan doesn't count because it has more than one) Iran No
48%
that were completely under the British Empire's rule in 1921. Jordan Yes
48%
that have capitals that start with either A or B. Turkmenistan Yes
48%
that are in the top fifty biggest countries (world) by area. Uzbekistan No
48%
that were completely under the British Empire's rule in 1921. Brunei Yes
45%
that are in the top fifty biggest countries (world) by area. Afghanistan Yes
43%
that have territory in the Himalayas. Afghanistan Yes
38%
that speak English or Chinese as an official language. Philippines Yes
38%
that were completely under the British Empire's rule in 1921. Iraq Yes
31%
that have populations below five million. Oman Yes
31%
that speak English or Chinese as an official language. Pakistan Yes
31%
that are in the top fifty biggest countries (world) by area. Thailand Yes
31%
that were completely under the British Empire's rule in 1921. Oman Yes
26%
that have an official language no other Asian country does. (Countries like Pakistan doesn't count because it has more than one) Maldives Yes
24%
that are in the top fifty biggest countries (world) by area. Turkmenistan Yes
19%
that were completely under the British Empire's rule in 1921. India No
12%
No matching quizzes found
Score Distribution
Percent of People with Each Score
Percentile by Number Answered
Your Score History
You have not taken this quiz